<?xml version="1.0" encoding="UTF-8"?>
<collection xmlns:xsi="http://www.w3.org/2001/XMLSchema-instance" xsi:schemaLocation="http://www.loc.gov/MARC21/slim http://www.loc.gov/standards/marcxml/schema/MARC21slim.xsd" xmlns="http://www.loc.gov/MARC21/slim">
 <record>
  <leader>00000cam a22000003i 4500</leader>
  <controlfield tag="001">UP-1685594773862117211</controlfield>
  <controlfield tag="003">Buklod</controlfield>
  <controlfield tag="005">20240123145945.0</controlfield>
  <controlfield tag="006">g||| |     ||   ||</controlfield>
  <controlfield tag="007">ta</controlfield>
  <controlfield tag="008">180227s2016    fluab   rb   |||1 u|eng d</controlfield>
  <datafield tag="020" ind1=" " ind2=" ">
   <subfield code="a">9781482241761</subfield>
  </datafield>
  <datafield tag="035" ind1=" " ind2=" ">
   <subfield code="a">(iLib)UPBAG-00026942431</subfield>
  </datafield>
  <datafield tag="037" ind1=" " ind2=" ">
   <subfield code="a">BC-68999</subfield>
   <subfield code="b">Golden Books Services, Inc.</subfield>
   <subfield code="c">Php5,995.00</subfield>
   <subfield code="n">DB Faculty</subfield>
  </datafield>
  <datafield tag="040" ind1=" " ind2=" ">
   <subfield code="a">DLC</subfield>
   <subfield code="d">BAG</subfield>
   <subfield code="e">rda</subfield>
  </datafield>
  <datafield tag="041" ind1="0" ind2=" ">
   <subfield code="a">eng</subfield>
  </datafield>
  <datafield tag="090" ind1=" " ind2="0">
   <subfield code="a">S 589.7</subfield>
   <subfield code="b">A37 2016</subfield>
  </datafield>
  <datafield tag="245" ind1="0" ind2="0">
   <subfield code="a">Agroecology</subfield>
   <subfield code="b">a transdisciplinary, participatory, and action-oriented approach</subfield>
   <subfield code="c">edited by V. Ernesto Méndez, Christopher M. Bacon, Roseann Cohen, Stephen R. Gliessman.</subfield>
  </datafield>
  <datafield tag="264" ind1=" " ind2="1">
   <subfield code="a">Boca Raton, FL</subfield>
   <subfield code="b">CRC Press</subfield>
   <subfield code="c">[2016]</subfield>
  </datafield>
  <datafield tag="300" ind1=" " ind2=" ">
   <subfield code="a">xvi, 264 pages</subfield>
   <subfield code="b">illustations (some color), map</subfield>
   <subfield code="c">26 cm</subfield>
  </datafield>
  <datafield tag="336" ind1=" " ind2=" ">
   <subfield code="a">text</subfield>
   <subfield code="2">rdacontent</subfield>
  </datafield>
  <datafield tag="337" ind1=" " ind2=" ">
   <subfield code="a">unmediated</subfield>
   <subfield code="2">rdamedia</subfield>
  </datafield>
  <datafield tag="338" ind1=" " ind2=" ">
   <subfield code="a">volume</subfield>
   <subfield code="2">rdacarrier</subfield>
  </datafield>
  <datafield tag="490" ind1="0" ind2=" ">
   <subfield code="a">Advances in agroecology</subfield>
  </datafield>
  <datafield tag="504" ind1=" " ind2=" ">
   <subfield code="a">Includes bibliographical references and index.</subfield>
  </datafield>
  <datafield tag="505" ind1="0" ind2=" ">
   <subfield code="a">Introduction : agroecology as a transdisciplinary, participatory and action-oriented approach / V. Ernesto Méndez, Christopher M. Bacon, and Roseann Cohen -- Agroecology : roots of resistance to industrialized food systems / Stephen R. Gliessman -- Transformative agroecology : foundations in agricultural practice, agrarian social thought, and sociological theory / Graham Woodgate and Eduardo Sevilla Guzmán -- Political agroecology : an essential tool to promote agrarian sustainability / Maneul González de Molina -- Learning agroecology through involvement and reflection / Charles Francis, Edvin Østergaard, Anna Marie Nicolaysen, Geir Lieblein, Tor Arvid Breland, and Suzanne Morse -- Complexity in tradition and science : intersecting theoretical frameworks in agroecological research / John Vandermeer and Ivette Perfecto -- Agroecology, food sovereignty, and the new green revolution / Eric Holt-Giménez and Migeul A. Altieri -- The intercultural origin of agroecology : contributions from Mexico / Francisco J. Rosado-May -- Participatory action research for an agroecological transition in Spain : building local organic food networks / Gloria I. Guzmán, Daniel López, Lara Román, and Antonio M. Alonso -- Agroecology, food sovereignty, and urban agriculture in the United States / Margarita Fernandex, V. Ernesto Méndez, Teresa Mares, and Rachel Schattman -- On the ground : putting agroecology to work through applied research and extension in Vermont / Debra Heleba, Vern Grubinger, and Heather Darby -- Agroecology as a food security and sovereignty strategy in coffee-growing communities : opportunities and challenges in San Ramon, Nicaragua / Heather Putname, Roseann Cohen, and Roberta M. Jaffe -- The Mesoamerican agroenvironmental program : critical lessons learned from an integrated approach to achieve sustainable land management / Isable A. Gutiérrez-Montes and Felicia Ramírez Aguero -- Analysis of tropical homegardens through an agroecology and anthropological ecology perspective / Alba González-Jácome.</subfield>
  </datafield>
  <datafield tag="650" ind1=" " ind2="0">
   <subfield code="a">Agricultural ecology.</subfield>
  </datafield>
  <datafield tag="650" ind1=" " ind2="0">
   <subfield code="a">Sustainable agriculture.</subfield>
  </datafield>
  <datafield tag="650" ind1=" " ind2="0">
   <subfield code="a">Agricultural systems.</subfield>
  </datafield>
  <datafield tag="700" ind1="1" ind2=" ">
   <subfield code="a">Mendez, V.  Ernesto</subfield>
   <subfield code="e">editor.</subfield>
  </datafield>
  <datafield tag="700" ind1="1" ind2=" ">
   <subfield code="a">Bacon, Christopher M.</subfield>
   <subfield code="e">editor.</subfield>
  </datafield>
  <datafield tag="700" ind1="1" ind2=" ">
   <subfield code="a">Cohen, Roseann</subfield>
   <subfield code="e">editor.</subfield>
  </datafield>
  <datafield tag="700" ind1="1" ind2=" ">
   <subfield code="a">Gliessman, Stephen R.</subfield>
   <subfield code="e">editor.</subfield>
  </datafield>
  <datafield tag="905" ind1=" " ind2=" ">
   <subfield code="a">FO</subfield>
  </datafield>
  <datafield tag="852" ind1="0" ind2=" ">
   <subfield code="a">UPBAG</subfield>
   <subfield code="b">UPBAG-MAIN</subfield>
   <subfield code="h">S 589.7 A37 2016</subfield>
  </datafield>
  <datafield tag="942" ind1=" " ind2=" ">
   <subfield code="a">Book</subfield>
  </datafield>
 </record>
</collection>
